Library Logo

Pioneer International University Library Catalogue

A risen Christ in Eastertime : (Record no. 5395)

MARC details
000 -LEADER
fixed length control field 00601pam a2200169 a 4500
005 - DATE AND TIME OF LATEST TRANSACTION
control field 20250901165530.0
008 - FIXED-LENGTH DATA ELEMENTS--GENERAL INFORMATION
fixed length control field 901025s1991 miu 000 0 eng
010 ## - LIBRARY OF CONGRESS CONTROL NUMBER
LC control number 90022728
020 ## - INTERNATIONAL STANDARD BOOK NUMBER
International Standard Book Number 0814620140
050 00 - LIBRARY OF CONGRESS CALL NUMBER
Classification number BT481 .B76 1990
Item number .B76 1990
082 00 - DEWEY DECIMAL CLASSIFICATION NUMBER
Classification number 226/.06
Edition information 20
100 1# - MAIN ENTRY--PERSONAL NAME
Personal name Brown, Raymond E.
Fuller form of name (Raymond Edward),
Dates associated with a name 1928-1998.
245 12 - TITLE STATEMENT
Title A risen Christ in Eastertime :
Remainder of title essays on the Gospel narratives of the Resurrection /
Statement of responsibility, etc. Raymond E. Brown.
260 ## - PUBLICATION, DISTRIBUTION, ETC.
Place of publication, distribution, etc. Collegeville, Minn. :
Name of publisher, distributor, etc. Liturgical Press,
Date of publication, distribution, etc. c1991.
300 ## - PHYSICAL DESCRIPTION
Extent 95 p. ;
Dimensions 22 cm.
942 ## - ADDED ENTRY ELEMENTS (KOHA)
Source of classification or shelving scheme Library of Congress Classification
Classification part BT481 .B76 1990
Holdings
Withdrawn status Lost status Source of classification or shelving scheme Damaged status Not for loan Home library Current library Shelving location Date acquired Total checkouts Full call number Barcode Date last seen Price effective from Koha item type
    Library of Congress Classification     Main Library Main Library   06/02/2021   BT481 .B76 1990 PIU0004583 06/02/2021 06/02/2021 Books